Oído /
La Ciencia de los Sentidos producida por Discovery Networks Asia-Pacific (DNAP), es una serie documental que repasa cada uno de los sentidos de la especie humana. Este documental sobre el "oído" es completo, riguroso y ameno.
Guardado en:
| Autor Principal: | |
|---|---|
| Autor Corporativo: | |
| Formato: | |
| Publicado: |
Toronto,
2008.
|
| Series: | La Ciencia De Los Sentidos
|
| Materias: | |
| Etiquetas: |
Agregar Etiqueta
Sin Etiquetas, Sea el primero en etiquetar este registro!
|
| LEADER | 01073ngm a22002655g 4500 | ||
|---|---|---|---|
| 001 | CEM.cems024143 | ||
| 008 | 130507s2008##################0###0#####d | ||
| 005 | 20250828183622.0 | ||
| 245 | 1 | 0 | |a Oído / |c Elise Swerhone. |
| 260 | |a Toronto, |c 2008. | ||
| 300 | |a 50'. | ||
| 490 | 0 | |a La Ciencia De Los Sentidos | |
| 520 | |a La Ciencia de los Sentidos producida por Discovery Networks Asia-Pacific (DNAP), es una serie documental que repasa cada uno de los sentidos de la especie humana. Este documental sobre el "oído" es completo, riguroso y ameno. | ||
| 538 | |a Soporte: DVD - Formato: AVI - Resolución: 704 x 480 - 25 fps - Grabación DRD | ||
| 505 | 0 | |a Episodios: 01. Oído -- 02. Tacto -- 03. Gusto y olfato -- 04. Vista | |
| 500 | |a Consultar en ventanilla. | ||
| 100 | 1 | |a Swerhone, Elise | |
| 710 | 2 | |a Discovery Networks Asia-Pacific (DNAP) | |
| 082 | 6 | 1 | |/ SWE |
| 653 | |a ANATOMÍA | ||
| 653 | |a BIOLOGÍA | ||
| 653 | |a SENTIDOS | ||
| 653 | |a OÍDO | ||
| 653 | |a PROGRAMA DE TELEVISIÓN | ||
| 859 | |a CEMS |b BIB. CEMS - Depto. Recursos Didacticos |h 611 |i SWE |k DRD |p 2786.19 |t Ej.1 | ||
